000 00835nam a22002297a 4500
999 _c11770
_d11770
003 AR-CdUCM
008 190405b ||||| |||| 00| 0 eng d
040 _aMUNICIPALIDAD PROVINCIAL DEL CUSCO
_cBIBLIOTECA MUNICIPAL DEL CUSCO
082 _a349.3 /
_bSA231 / 1957
100 _aSanta Pinter, Jose Julio
_929292
245 _aSistema del derecho soviético :
_bAnálisis esquemático /
260 _aBuenos Aires :
_bRoque Depalma,
_c1957.
300 _a134 páginas ;
_c24 cm.
505 _aContenido: Derecho Soviético -- Derecho público -- Derecho público-privado -- Derecho procesal.
650 _aDerecho procesal
_98073
650 _aDerecho soviético
_929293
650 _aEntidades Publicas
_929294
650 _aEntidades privadas
_929295
650 _aEuropa
_91221
942 _2ddc
_cLIBROS
945 _acmm
_d2019-04-05